| 000 | 01712nam a22002297a 4500 | ||
|---|---|---|---|
| 999 |
_c62173 _d62173 |
||
| 003 | Ge_BSU | ||
| 005 | 20240726144023.0 | ||
| 008 | 240726s2014 ge ||||| |||| 00| 0 geo d | ||
| 020 | _a9789941437847 | ||
| 041 | _ageo | ||
| 080 | _a94(479)(031) ა-69 | ||
| 245 |
_aანტიკური კავკასია : ენციკლოპედია. _bტ. II, 1, ა / _cრედაქტორები: რისმაგ გორდეზიანი, მაია დანელია ; ყდის დიზაინი ნიკა მაჩაიძე |
||
| 264 |
_aთბილისი : _bლოგოსი, _c 2014. |
||
| 300 |
_a186 გვ.: _b29 სმ. |
||
| 440 |
_aპროგრამა ”ლოგოსი” : პუბლიკაციები და ღონისძიებები კლასიკური ფილოლოგიის, ბიზანტინისტიკისა და ნეოგრეცისტიკის სფეროში. _93642 |
||
| 653 | _aენციკლოპედია -- ანტიკური კავკასია. | ||
| 653 | _aEncyclopedia -- Caucasus Antiquu. | ||
| 700 |
_aგორდეზიანი, რისმაგ _eრედაქტორი _922976 |
||
| 700 |
_aდანელია, მაია _eრედაქტორი და სხვ _914583 |
||
| 710 |
_aივანე ჯავახიშვილის სახ. თბილ. სახელმწ. უნ-ტი, კლასიკური ფილოლოგიის, ბიზანტინისტიკისა და ნეოგრეცისტიკის ინ-ტი _922977 |
||
| 942 |
_2udc _cBK |
||